007300000a220013300045001000032000002450096000323000046001285200236001746500014004107730057004249420008004819520090004899990017005791 aZilberstein Torucha, José10aHacia una reforma curricular por ciclos : ¿Cuáles son los desafíos que debe priorizar? anúm.38 (Abr. - May. , 2009), P. 10 - 16 aEl artículo presenta reflexiones acerca de la reforma curricular por ciclos. Se parte de los enfoques que dicha reforma ha tenido fundamentalmente en México y Cuba y de la necesidad de tratarlos en nuevas reformas curriculares.14aCURRICULO0 tRevista internacional magisterio : educación y ped cANA 001040708HEMaFUSBCbFUSBCd2016-01-26l0o r2016-01-26 00:00:00w2016-01-26yANA c62949d62949